Geography Quiz

Random Geography or City Quiz

All Cities Bordering Los Angeles Quiz Stats

Quiz not verified by Sporcle

Challenge
Share
Tweet
Embed
Score 0/27 Timer 05:00
0 Plays Today
Population City % Correct
462,256Long Beach
91.5%
137,122Pasadena
79.6%
89,736Santa Monica
77.6%
103,340Burbank
73.4%
191,719Glendale
71.4%
109,673Inglewood
62%
34,109Beverly Hills
61.5%
145,438Torrance
52.8%
34,399West Hollywood
52.1%
38,883Culver City
42.7%
83,089Alhambra
37.1%
91,714Carson
37.1%
23,645San Fernando
36.2%
25,619South Pasadena
31.5%
Population City % Correct
16,654El Segundo
31.5%
112Vernon
28.9%
124,237Simi Valley
28.6%
23,058Calabasas
28.2%
84,293Hawthorne
27.7%
12,823Commerce
27.5%
58,829Gardena
26.6%
58,114Huntington Park
25.7%
60,269Monterey Park
25.1%
41,643Rancho Palos Verdes
22.1%
69,772Lynwood
21%
20,256Lomita
17.7%
1,856Hidden Hills
15.9%

You're not logged in!

Compare scores with friends on all Sporcle quizzes.
Join for Free
OR
Log In

You Might Also Like...

Show Comments

Extras

Top Quizzes Today


Score Distribution

Your Account Isn't Verified!

In order to create a playlist on Sporcle, you need to verify the email address you used during registration. Go to your Sporcle Settings to finish the process.

Report this User

Report this user for behavior that violates our Community Guidelines.

Details: